LEADER 01146nam a2200277 a 4500 001 000000131844 003 CaOOAMICUS 005 20121204113139.0 008 121204s1983 it u000 u ita r 040 $aPUL$bita 100 1 $aDioguardi, Gianfranco.$0(OLS)http://pul/name/39415 245 13$aUn avventuriero nella Napoli del Settecento /$cGianfranco Dioguardi ; introduzione di Leonardo Sciascia. 260 $aPalermo :$bSellerio,$c1983. 300 $aXIV, 123 p. ;$c21 cm 490 1 $aCiviltā perfezionata 504 $aBibliografia in nota. 651 4$aNapoli$xDescrizione e viaggi.$0(OLS)http://pul/subject/13473 700 1 $aSciascia, Leonardo,$d1921-1989.$0(OLS)http://pul/name/65439 830 0$aCiviltā perfezionata.$0(OLS)http://pul/title/166569 850 $aPUL 852 $aPUL$W1$xDP1 Fondo E. Rossi$y115$m1 D 58$j42421$qFondi$B151091$CPULBib$Z2$F151091 $82 941 1 $a1 961 $aSul dorso collocazione ms. di E. Rossi: D 47 4 996 $6245$aUn avventuriero nella Napoli del Settecento$9(OLS)http://pul/title/166572 996 $6260$aPalermo :$bSellerio$9(OLS)http://pul/publisher/66919 LEADER 01451nam a2200337 a 4500 001 000000175375 003 CaOOAMICUS 005 20220818145816.0 008 220818s2020 it u000 u eng r 020 $z978-88-467-59951-1* 032 $aLibriCat 040 $aPUL$bita 082 04$a155 100 1 $aZilio, Federico.$0(OLS)http://pul/name/112714 245 10$aConsciousness and world : $ba neurophilosophical and neuroethical account / $cFederico Zilio ; preface by Georg Northoff. 260 $aPisa :$bETS,$c2020. 300 $a382 p. ;$b$c22 cm 440 0$aPhilosophica (ETS)$pSerie rossa ;$v250 504 $aBibliografia in nota a pič pagina. 650 4$aInfanzia$xPsicologia.$0(OLS)http://pul/subject/33738 700 1 $aNorthoff, Georg.$0(OLS)http://pul/name/112716 830 0$aPhilosophica (ETS)$pSerie rossa ;$v250.$0(OLS)http://pul/title/157046 850 $aPUL 852 $aPUL$W1$xSL Filosofia 3$y81$m103 COLL 13.250$j199579$qDDC 21$B204299$CPULBib$Z2$F204299 $82 941 1 $a9 996 $6020$z978-88-467-59951-1*$9(OLS)http://pul/number/168770 996 $6082$a155$9(OLS)http://pul/classification/694 996 $6245$aConsciousness and world : $ba neurophilosophical and neuroethical account / $9(OLS)http://pul/title/216805 996 $6440$aPhilosophica (ETS)$pSerie rossa$9(OLS)http://pul/title/157046 996 $6260$aPisa :$bETS$9(OLS)http://pul/publisher/65234